عرض عادي عرض مارك

مدخل Personal Name

عدد التسجيلات المستخدمة في: 1

001 - CONTROL NUMBER

  • control field: 10027

003 - CONTROL NUMBER IDENTIFIER

  • control field: DLC

005 - DATE AND TIME OF LATEST TRANSACTION

  • control field: 20251206140948.0

008 - FIXED-LENGTH DATA ELEMENTS

  • fixed length control field: 831125n| acannaab| |a aaa |||

010 ## - LIBRARY OF CONGRESS CONTROL NUMBER

  • LC control number: n 83239562

040 ## - CATALOGING SOURCE

  • Original cataloging agency: DLC
  • Transcribing agency: DLC

100 10 - HEADING--PERSONAL NAME

  • Personal name: Sanguin, André-Louis,
  • Dates associated with a name: 1945-

400 10 - SEE FROM TRACING--PERSONAL NAME

  • Control subfield: nnaa
  • Personal name: Sanguin, André Louis

400 10 - SEE FROM TRACING--PERSONAL NAME

  • Personal name: Sanguin, A.-L.
  • Fuller form of name: (André-Louis),
  • Dates associated with a name: 1945-

670 ## - SOURCE DATA FOUND

  • Source citation: His La Suisse, essai de géographie politique, 1983:
  • Information found: t.p. (André-Louis Sanguin; docteur ès-sciences; docteur d'Etat; professeur, Univ. du Québec) cover p. 4 (b. 1945, Rouen) spine (A.-L. Sanguin)

670 ## - SOURCE DATA FOUND

  • Source citation: LC data base 9/9/83
  • Information found: (hdg.: Sanguin, André Louis; usage: André-Louis Sanguin; A.-L. Sanguin)

905 ## - cataloger

  • cataloger: Auth_BKS
Cairo University Libraries Portal Implemented & Customized by: Eng. M. Mohamady Contacts: new-lib@cl.cu.edu.eg | cnul@cl.cu.edu.eg
CUCL logo CNUL logo
© All rights reserved — Cairo University Libraries
CUCL logo
Implemented & Customized by: Eng. M. Mohamady Contact: new-lib@cl.cu.edu.eg © All rights reserved — New Central Library
CNUL logo
Implemented & Customized by: Eng. M. Mohamady Contact: cnul@cl.cu.edu.eg © All rights reserved — Cairo National University Library